000 00423nam a2200169Ia 4500
008 180207s9999 xx 000 0 und d
020 _a9780709717782
050 _bD586 2007
245 _aDinosaurs /
245 _cbook design and illustrated by Francisco Arredondo.
260 _aNew York :
260 _bBrown Watson,
260 _c2007
300 _a29 pages :
300 _bchiefly colored ;
300 _c28cm.
999 _c355832
_d355832